000 00885pam a2200313 a 4500
001 4698219
003 OSt
005 20140310181920.0
008 821122s1983 nyua 001 0 eng
010 _a 82048252
020 _a0062730991 (pbk.) :
_c$5.25
040 _aDLC
_cDLC
_dDLC
050 0 0 _aQH 436
_b.G66 2005
082 0 0 _aTR 658
_b.G56 2005
100 1 _aGonick, Larry.
_91524
245 1 4 _aThe cartoon guide to genetics /
_cLarry Gonick and Mark Wheelis.
250 _a1st ed.
260 _aNew York :
_bBarnes & Noble,
_cc1983.
300 _a214 p. :
_bill. ;
_c21 cm.
500 _a"CO/416."
500 _aIncludes index.
521 _aFaculty.
541 _j1
562 _e1
650 0 _aGenetics
_xCaricatures and cartoons.
_91532
700 1 _aWheelis, Mark.
_91533
906 _a7
_bcbc
_corignew
_d1
_eocip
_f19
_gy-gencatlg
942 _2lcc
_cBK-TR
_kTR
999 _c6953
_d6953